书目信息 |
| 题名: |
保卫毛主席访苏
|
|
| 作者: | 时锋 著 | |
| 分册: | ||
| 出版信息: | 济南 山东文艺出版社 1990.1 |
|
| 页数: | 288页 | |
| 开本: | 19厘米 | |
| 丛书名: | ||
| 单 册: | ||
| 中图分类: | I25 , A752 | |
| 科图分类: | ||
| 主题词: | 报告文学--中国--现代--选集 , 毛泽东--生平事迹 , 毛泽东--传记 | |
| 电子资源: | ||
| ISBN: | 7-5329-0327-3 | |
| 000 | 00938nam0 2200265 45 | |
| 001 | 1539824302 | |
| 005 | 20150128130843.56 | |
| 010 | @a7-5329-0327-3@dCNY3.90 | |
| 100 | @a19921208d1990 em y0chiy0121 ea | |
| 101 | 0 | @achi |
| 102 | @aCN@b370000 | |
| 105 | @af z 000zy | |
| 200 | 10 | @a保卫毛主席访苏@ABAO WEI MAO ZHU XI FANG SU@f时 锋著@FSHI FENG ZHU |
| 210 | @a济南@c山东文艺出版社@d1990.1 | |
| 215 | @a288页@c照片@d19厘米 | |
| 330 | @a本书收入“保卫毛泽东访苏”、“炮击天安门阴谋的破灭”、“抗美援朝中的可疑电波”、“剿灭北平地下工作队”、“智擒崔铎”5篇报告文学作品,反映了我国解放初期公安战线与国内外敌人斗争的几个片段。 | |
| 540 | 1 | @a保卫 毛主席 访苏@ABAO WEI MAO ZHU XI FANG SU |
| 606 | @a报告文学@y中国@z现代@x选集 | |
| 606 | 0 | @a毛泽东@x生平事迹 |
| 606 | 0 | @a毛泽东@x传记 |
| 690 | @aI25@v三版 | |
| 690 | @aA752@v4 | |
| 701 | 0 | @a时锋@ASHI FENG@4著 |
| 801 | 0 | @aCN@bTSSF@c20150128 |
| 905 | @aZUCC@dA752@eJY9 | |
| 保卫毛主席访苏/时 锋著.-济南:山东文艺出版社,1990.1 |
| 288页:照片;19厘米 |
| ISBN 7-5329-0327-3:CNY3.90 |
| 本书收入“保卫毛泽东访苏”、“炮击天安门阴谋的破灭”、“抗美援朝中的可疑电波”、“剿灭北平地下工作队”、“智擒崔铎”5篇报告文学作品,反映了我国解放初期公安战线与国内外敌人斗争的几个片段。 |
| ● |
| 相关链接 |
|
|
|
|
正题名:保卫毛主席访苏
索取号:A752/JY9
 
预约/预借
| 序号 | 登录号 | 条形码 | 馆藏地/架位号 | 状态 | 备注 |
| 1 | 7839141 | 278391410 | 学院路分馆/ [索取号:A752/JY9] | 在馆 | |
| 2 | 7839143 | 278391438 | 学院路分馆/ [索取号:A752/JY9] | 在馆 |